Dear dragon goes to the library / (Record no. 6890)

MARC details
000 -LEADER
fixed length control field 00999nam a22003017a 4500
001 - CONTROL NUMBER
control field 6890
003 - CONTROL NUMBER IDENTIFIER
control field FISKH
005 - DATE AND TIME OF LATEST TRANSACTION
control field 20250604131848.0
008 - FIXED-LENGTH DATA ELEMENTS--GENERAL INFORMATION
fixed length control field 250604b cb ||||| |||| 00| 0 eng d
020 ## - INTERNATIONAL STANDARD BOOK NUMBER
International Standard Book Number 9781603570824
040 ## - CATALOGING SOURCE
Original cataloging agency FISKH
Language of cataloging eng
Transcribing agency FISKH
Modifying agency FISKH
050 ## - LIBRARY OF CONGRESS CALL NUMBER
Classification number PZ73 .H557211
082 ## - DEWEY DECIMAL CLASSIFICATION NUMBER
Classification number 468.6
100 ## - MAIN ENTRY--PERSONAL NAME
Personal name Hillert, Margaret
Dates associated with a name (1920–2014)
245 ## - TITLE STATEMENT
Title Dear dragon goes to the library /
Statement of responsibility, etc. By Margaret Hillert ; Illustrated by David Schimmell
250 ## - EDITION STATEMENT
Edition statement This edition first published in 2008
260 ## - PUBLICATION, DISTRIBUTION, ETC.
Place of publication, distribution, etc. Minnesota :
Name of publisher, distributor, etc. NorwoodHouse,
Date of publication, distribution, etc. 2008
300 ## - PHYSICAL DESCRIPTION
Extent 32 pages :
Other physical details color illustrations ;
Dimensions 20 cm
505 ## - FORMATTED CONTENTS NOTE
Formatted contents note E<br/>
520 ## - SUMMARY, ETC.
Summary, etc. "A boy and his pet dragon go to story time and take out books from the library"--Provided by publisher.<br/>
521 8# - TARGET AUDIENCE NOTE
Target audience note 220<br/>
Source Lexile<br/>
521 8# - TARGET AUDIENCE NOTE
Target audience note E<br/>
Source Raz-Plus<br/>
650 ## - SUBJECT ADDED ENTRY--TOPICAL TERM
Source of heading or term Libraries--Fiction
Topical term or geographic name entry element Chapter book
650 ## - SUBJECT ADDED ENTRY--TOPICAL TERM
Source of heading or term Early chapter book
Topical term or geographic name entry element Reading
700 ## - ADDED ENTRY--PERSONAL NAME
Personal name Schimmell, David
Dates associated with a name illustrator
942 ## - ADDED ENTRY ELEMENTS (KOHA)
Source of classification or shelving scheme Dewey Decimal Classification
Koha item type Books
Suppress in OPAC No
Holdings
Withdrawn status Lost status Source of classification or shelving scheme Damaged status Not for loan Collection Home library Current library Shelving location Date acquired Total Checkouts Full call number Barcode Date last seen Copy number Price effective from Koha item type
    Dewey Decimal Classification     Juvenile Fiction Footprints International School Library Network Toul Tom Poung Campus Footprints International School Library Network Toul Tom Poung Campus TTP Primary Green Bookshelves 06/04/2025   HIL 468.6 PZ73 .H557211 2025-1483 06/04/2025 1 06/04/2025 Books